|
|
|
|
| LEADER |
00932nam a2200241 4500 |
| 001 |
10113834 |
| 003 |
upatras |
| 005 |
20210117205129.0 |
| 008 |
140903s1990 uk eng |
| 020 |
|
|
|a 0521388805
|
| 040 |
|
|
|a GR-PaULI
|e AACR2
|c GR-PaULI
|
| 041 |
0 |
|
|a eng
|
| 082 |
0 |
4 |
|a 530
|
| 100 |
1 |
|
|a Mermin, N. David
|4 aut
|9 49706
|
| 245 |
1 |
0 |
|a Boojums all the way through
|b communicating science in a prosaic age
|c N. David Mermin
|
| 260 |
|
|
|a Cambridge [England]
|b Cambridge University Press
|c 1990
|
| 300 |
|
|
|a xxi, 308 σ.
|b εικ.
|c 24 εκ.
|
| 650 |
|
4 |
|9 2689
|a Φυσική
|
| 852 |
|
|
|a GR-PaULI
|b ΠΑΤΡΑ
|b ΒΚΠ
|b ΒΣ1
|k ΑΣΧΞ
|h 530 MER
|m 122744
|p 025000238015
|t 1
|
| 942 |
|
|
|2 ddc
|c BK15
|
| 952 |
|
|
|0 0
|1 0
|4 0
|6 530_000000000000000_MER
|7 0
|9 169621
|a LISP
|b LISP
|c BSC
|d 2016-04-24
|i 122744
|l 0
|o 530 MER
|p 025000238015
|r 2016-04-24 00:00:00
|t 1
|w 2016-04-24
|y BK15
|
| 998 |
|
|
|c ΜΠΟΥΡΑΣ
|d 2014-09
|
| 999 |
|
|
|c 106128
|d 106128
|